|
|
|
|
| LEADER |
00669nab a2200193 i 4500 |
| 001 |
misc60907 |
| 005 |
20220914134545.0 |
| 008 |
220425suuuu hu o 0|| ger d |
| 040 |
|
|
|a SZTE Miscellanea Repozitórium
|b hun
|
| 041 |
|
|
|a ger
|
| 041 |
|
|
|a grc
|
| 100 |
1 |
|
|a Irmscher Johannes
|
| 245 |
1 |
4 |
|a Die Aufgaben der Neogräzistik im Rahmen der Asien- und Afrikenwissenschaften
|h [elektronikus dokumentum] /
|c Irmscher Johannes
|
| 300 |
|
|
|a p. [89]-95.
|c 24 cm
|
| 561 |
|
|
|a Németh Gyula hagyaték
|
| 591 |
|
|
|a NOV 2411
|
| 650 |
|
4 |
|a Bölcsészettudományok
|
| 650 |
|
4 |
|a Nyelvek és irodalom
|
| 856 |
4 |
0 |
|u http://misc.bibl.u-szeged.hu/60907/1/2411_nov_i70.pdf
|z Dokumentum-elérés
|